000 00284nam a2200109Ia 4500
008 171211s9999 xx 000 0 und d
245 _aRichard Wagner-Chronik
245 _cEckart Kröplin
260 _c2016
650 _xmusic
856 _uhttp://down.ebook777.com/060/347602587X.pdf
999 _c348688
_d348688